Регионална библиотека "Любен Каравелов" - Русе

Съчинения (Запис номер 429000)

MARC детайли
000 -Лидер
Контролно поле с фиксирана дължина nam a22 a 4500
003 - Код на организацията, давaща контролен номер
Контролно поле BLK
005 - Дата и час на последна редакция
Контролно поле 20210818143621.0
008 - Елементи от данни с фиксирана дължина
fixed length control field 210818b bul|||||r ||||||| ||bul||
040 ## - Източник на каталожния запис
Идентификатор на билиотеката - собственик на записа BLK
041 ## - Код за език
Код за езика на текст/звукозапис или на отделно заглавие Български
Код за езика КДБФ Български
080 ## - УДК
Текстов определител УДК Руска литература
УДК код - определител по УДК 821.161.1
УДК определител (081.1)
УДК - код + определител 821.161.1(081.1)
080 ## - УДК
Текстов определител УДК Руска литература
УДК код - определител по УДК 821.161.1
УДК определител -32
УДК - код + определител 821.161.1-32
100 1# - Редна дума - Автор
Автор Толстой, Лев Николаевич
Авторска отговорност първи автор
R(LIN) 367573
139 ## - Редно поле
Редна дума Толстой, Лев Николаевич
Авторски знак Толст - Т 67
245 10 - Сведения за заглавието
Заглавие Съчинения
Подзаглавни данни Т. 1-15
Редно поле (дума) Лев Николаевич Толстой; прев. от рус. на том Ан. Цанова, Цв. Цветанов
Том Т. 15
Заглавие на том Книга за децата ; Изложение на евангелието за деца
257 ## - Страна на издаване
Страна на създаване/издаване Русия
260 ## - Област на издателските данни
Място на издаване, разпространение и проч. София
Име на издателя, разпространителя и проч. Книгоизд. и печ. Ив. Г. Игнатов и синове
Година на издаване [1928-1929]
9 (RLIN) 458385
300 ## - Физическа характеристика
Размери/Мащаб 23 см
380 ## - Жанр
Жанр Худож. лит.
700 ## - Други автори (авторска отговорност)
Лично име Цанова, Ана
Автороска отговорност (Описва отношението между автора и произведението) прев. от рус. на том
9 (RLIN) 458405
760 1# - Описание на основната серия
Редна дума на основното описание Толстой, Лев Николаевич
Място на издаване, издател и година София, 1929
Страници - том 222 с., 4 л. ил.
Заглавие Т. 15: Книга за децата ; Изложение на евангелието за деца
852 ## - Местоположение
Форматна сигнатура Цб 8.230.25028
Фондова буква Хранилище
856 4# - Електронен адрес и достъп
Електронен формат pdf - файл
856 4# - Електронен адрес и достъп
Електронен формат pdf - файл
999 ## - СИСТЕМНИ КОНТРОЛНИ НОМЕРА
Koha biblionumber 429000
Koha biblioitemnumber 429000
942 ## - АРТИКУЛИ
Вид на библиотечния материал Книги
Скрит в OPAC Не
Периодичен библиозапис Да
944 ## - СЪЗДАВАНЕ И РЕДАКЦИЯ на ЗАПИСА
Създаване/Редакция Създаване
Дата на регистрацията/редакция 2021-08-18
Служител, извършил регистрацията/редакцията ДГ
Наличности
Код за отписване Код за изгубен артикул Източник на класификационната схема Код за повреда Коз за рестрикции Код за отдаване Артикулен № Име на библиотеката - собственик Име на библиотеката, в която се намира в момента Статус (Текущо местоположение) Дата на вписване в системата Местоположение - отдел Цена в лева Инвентарен номер Систематично азбучна сигнатура Баркод Цена в евро Служебен тип на артикула
  Не е изгубен Universal Decimal Classification Не е повреден само за читалня ползва се в читалня 849329 Регионална библиотека "Любен Каравелов" Русе Регионална библиотека "Любен Каравелов" Русе Хранилище 2021-08-19 Основен фонд - ползва се само за читалня 0.33 25028-XV Цб 8.230.25028 900000075049 0.17 Книги
Vip Innovations Ltd, Rousse, Bulgaria 2025